1928, Т. 3, № 3; Вестник Геологического Комитета

Bibliografiska uppgifter
Parent link:Вестник Геологического Комитета/ Геологический комитет (Геолком). 1928, Т. 3, № 3.— , 1925-
Språk:ryska
Publicerad: 1928
Ämnen:
Materialtyp: MixedMaterials Bok
KOHA link:https://koha.lib.tpu.ru/cgi-bin/koha/opac-detail.pl?biblionumber=231585

MARC

LEADER 00000nam2a2200000 4500
001 231585
005 20231101231111.0
035 |a (RuTPU)RU\TPU\book\252607 
035 |a RU\TPU\book\252601 
090 |a 231585 
100 |a 20130204d1928 k y0rusy50 ca 
101 0 |a rus 
102 |a RU 
105 |a a z 000zy 
200 0 |a 1928, Т. 3, № 3 
210 |d 1928 
215 |a 74 с. 
317 |5 63413507: КР-896  |a Поступила в НТБ в 2004 г. в составе книжного собрания профессора ТПИ К. В. Радугина 
461 1 |0 (RuTPU)RU\TPU\book\253525  |t Вестник Геологического Комитета  |f Геологический комитет (Геолком)  |v 1928, Т. 3, № 3  |d 1925- 
606 1 |a Геология  |2 stltpush  |3 (RuTPU)RU\TPU\subj\6095  |9 34054 
610 1 |a меловые отложения 
610 1 |a Западное Прибайкалье 
610 1 |a Восточные Саяны 
610 1 |a аспирационные приборы 
610 1 |a испытания 
610 1 |a библиотека К. В. Радугина 
610 1 |a библиотека М. А. Усова 
675 |a 55  |v 3 
801 1 |a RU  |b 63413507  |c 20130204 
801 2 |a RU  |b 63413507  |c 20190225  |g RCR 
942 |c BK